000 00702nam a2200205Ia 4500
003 GCL
008 140319s9999 xx 000 0 ara d
040 _aGCL /
_cGCL
082 0 4 _a812.024
_bع أ
100 1 _aعبدالجيار ابوغربية
245 1 0 _aمن الجنون أو غرفة رقم سبعة /
_cعبدالجيار ابوغربية
260 _a[S.N] :
_bالهيئة المصرية العامة للكتاب ،
_c1989
300 _a179 ص
490 _aالمسرح العربى
_v0
650 0 4 _aالادب العربى
650 0 4 _aالمسرحية العربية
650 0 4 _aالمسرح العربى
650 0 4 _aالمسرحيات العربية
942 _2ddc
_cBK
999 _c34588
_d34588